[Event "Dreifluesse op"]
[Site "Passau"]
[Date "1998.04.11"]
[Round "4"]
[White "Hoepfl, Thomas"]
[Black "Hablizel, Frank"]
[Result "1-0"]
[WhiteElo "2215"]
[BlackElo "2085"]

1.e4 c5 2.Nf3 d6 3.d4 cxd4 4.Nxd4 Nf6 5.Nc3 a6 6.g3 e5 7.Nde2 Be6 8.Bg2 Be7
9.O-O Nbd7 10.h3 b5 11.g4 Nb6 12.f4 Qc7 13.g5 Nfd7 14.f5 Bc4 15.b3 b4 16.Nb1 Bb5
17.c4 bxc3 18.Nbxc3 Bc6 19.Be3 Rd8 20.Rc1 Qb7 21.Ng3 g6 22.Qf3 f6 23.h4 O-O
24.fxg6 hxg6 25.h5 fxg5 26.Qg4 Nc5 27.Bxc5 Bd7 28.Qe2 dxc5 29.hxg6 g4 30.Nf5 Bb5
31.Nxb5 axb5 32.Qxg4 c4 33.Nh6+ Kg7 34.Rf7+ Rxf7 35.gxf7+ Kh8 36.Kf2 Rd2+
37.Kg3 Rd3+ 38.Bf3 Bh4+ 39.Qxh4 Kg7 40.f8=Q+  1-0

[Event "Serbian-ch 29th"]
[Site "Sabac"]
[Date "1998.04.24"]
[Round "5"]
[White "Matulovic, Milan"]
[Black "Kogan, Artur"]
[Result "0-1"]
[WhiteElo "2420"]
[BlackElo "2505"]

1.e4 c5 2.Nf3 d6 3.d4 cxd4 4.Nxd4 Nf6 5.Nc3 a6 6.g3 Bg4 7.f3 Bd7 8.g4 Nc6
9.Be3 Rc8 10.Qd2 Ne5 11.O-O-O h6 12.Kb1 e6 13.h4 b5 14.Bd3 g6 15.Nce2 d5
16.exd5 Nxd5 17.Nf4 Nb4 18.Be2 Qc7 19.c3 Nbc6 20.Nxc6 Bxc6 21.Bd4 Bg7 22.Qe3 O-O
23.Rhf1 Rfe8 24.Qf2 Bf8 25.h5 g5 26.Nd3 Nc4 27.Bc5 Bg7 28.f4 gxf4 29.Qxf4 e5
30.Qf2 e4 31.Nb4 e3 32.Qf4 Be4+ 33.Nd3 Qxf4 34.Rxf4 Bxd3+ 35.Bxd3 Rxc5 36.Bxc4 Rxc4
37.Rxc4 bxc4 38.Kc2 Bf6 39.Re1 e2 40.Kd2 Bg5+ 41.Kc2 Bh4 42.Kd2 Rd8+ 43.Kxe2 Re8+
44.Kf3 Bxe1 45.Kf4 Kg7  0-1

[Event "SVR-op"]
[Site "Nickenich"]
[Date "1998.04.??"]
[Round "3"]
[White "Drescher, Werner"]
[Black "Hardt, Bernd"]
[Result "0-1"]
[WhiteElo "1765"]
[BlackElo "1905"]

1.e4 c5 2.Nf3 d6 3.d4 cxd4 4.Nxd4 Nf6 5.Nc3 a6 6.g3 e6 7.Bg2 Nc6 8.O-O Qc7
9.a4 Be7 10.h3 Bd7 11.Nde2 Nb4 12.Be3 Bc6 13.f4 d5 14.e5 Ne4 15.Kh2 b6 16.Bd4 Rd8
17.Rf3 O-O 18.Re3 Nc5 19.g4 Bb7 20.Ng3 Nc6 21.Nce2 Nxd4 22.Nxd4 Rfe8 23.Rc3 Qd7
24.b3 Ne4 25.Rf3 Bb4 26.Qd3 Qc7 27.Nge2 Bf8 28.Rc1 Nc5 29.Qd2 Ne4 30.Qd3 Nc5
31.Qd2 Qb8 32.Qc3 Nd7 33.Rff1 Rc8 34.Qg3 g6 35.h4 Bg7 36.Nf3 Nc5 37.h5 Ne4
38.Qh4 Bf8 39.hxg6 hxg6 40.Ng5 Nxg5 41.Qxg5 Qc7 42.c4 Ba3 43.Rc3 Bb4 44.Rh3 Bf8
45.Qh4 Bg7 46.cxd5 exd5 47.Rc1 Qd7 48.Rcc3 Rxc3 49.Rxc3 Rc8 50.Rxc8+ Qxc8
51.Nd4 Qc5 52.Qf2 Bc8 53.g5 Be6 54.Kg3 Bd7 55.Qe3 Bf8 56.Kf3 Qb4 57.e6 fxe6
58.Nxe6 Qe4+  0-1

[Event "Serbian-ch 29th"]
[Site "Sabac"]
[Date "1998.05.01"]
[Round "12"]
[White "Matulovic, Milan"]
[Black "Antic, Dejan"]
[Result "1/2-1/2"]
[WhiteElo "2420"]
[BlackElo "2460"]

1.e4 c5 2.Nf3 d6 3.d4 cxd4 4.Nxd4 Nf6 5.Nc3 a6 6.g3 Nc6 7.Bg2 Bg4 8.f3 Bd7
9.Be3 g6 10.Qd2 Bg7 11.O-O O-O 12.Nd5 Rc8 13.Nxc6 Rxc6 14.c3 Nxd5 15.exd5 Rc4
16.Rfe1 Re8 17.Bf1 Rc8 18.Bd4 Bxd4+ 19.Qxd4 Qa5 20.Re3 Qc5 21.Rd1 b5 22.a3 Rc7
23.Kf2 Bf5 24.Qxc5 Rxc5 25.Rd4 Kf8 26.Ke1 Rb8 27.Kd2 Bc8 28.b3 Bb7 29.c4 bxc4
30.Bxc4 Rbc8 31.f4 a5 32.a4 R8c7 33.g4 Bc8 34.h3 Bd7 35.Kd3 h6 36.g5 hxg5
37.fxg5 Bf5+ 38.Kd2 Kg7 39.h4 Rb7 40.Rf3 Bd7 41.Re3 Bf5 42.Rf3 Rb8 43.Re3 Rc7
44.Rf3 Rh8 45.Re3 Rd8 46.Ke2 f6 47.gxf6+ exf6 48.Rf4 Rh8 49.Kf2 Kf7 50.Kg3 Rcc8
51.Rf2 Rce8 52.Rxe8 Rxe8 53.Re2 Rxe2 54.Bxe2 Ke7 55.Kf4 Bc2 56.Bc4 Kd8 57.Ke3 Kc7
58.Kd2 Be4 59.Ke3 Bf5 60.Kd4 Kb6 61.Be2 Bb1 62.h5 gxh5 63.Bxh5 Bh7 64.Be2 Bf5
65.Bh5 Bh3 66.Bf7 Bg4 67.Be6 Bd1 68.Kc4 Bc2 69.Kc3 Be4 70.b4 f5 71.Kc4 f4
72.bxa5+ Kxa5 73.Kd4 Bc2 74.Bd7 Kb4 75.Bc6 Bf5 76.Bb5 Bb1 77.Bd3 Ba2 78.Bc2 f3
79.Bd1 f2 80.Be2 Kxa4 81.Ke3 Bxd5 82.Kxf2 Kb4 83.Ke3 Kc3 84.Bd3 Bg2 85.Ba6 d5
86.Ke2 d4 87.Kd1 Bd5  1/2-1/2

[Event "Tan Chin Nam"]
[Site "Beijing"]
[Date "1998.06.08"]
[Round "1"]
[White "Kudrin, Sergey"]
[Black "Lin Weiguo"]
[Result "0-1"]
[WhiteElo "2565"]
[BlackElo "2460"]

1.e4 c5 2.Nf3 d6 3.d4 cxd4 4.Nxd4 Nf6 5.Nc3 a6 6.g3 e5 7.Nb3 Be7 8.Bg2 O-O
9.O-O Nbd7 10.a4 b6 11.Nd2 Qc7 12.Re1 Bb7 13.Nf1 Rac8 14.Ne3 g6 15.Re2 Qc5
16.Rd2 Rfd8 17.Rd3 Qc7 18.Bd2 Bf8 19.Be1 h5 20.h4 Kh7 21.Ra2 Qb8 22.Ncd5 Bxd5
23.Nxd5 Nxd5 24.Rxd5 Nf6 25.Rd3 d5 26.exd5 e4 27.Rd4 Bc5 28.c4 Ng4 29.Rxe4 Qxg3
30.b4 Qh2+ 31.Kf1 Bd6 32.Qd4 Re8 33.Rae2 Rxe4 34.Rxe4 Be5 35.Qxb6 f5 36.d6 fxe4
37.Qb7+ Bg7 38.Qxc8 e3 39.Qc6 exf2 40.Bxf2 Qf4 41.Bf3 Nxf2 42.Kxf2 Bd4+ 43.Ke2 Qe3+
44.Kd1 Qd3+ 45.Ke1 Qc3+ 46.Ke2 Qc2+ 47.Ke1 Bc3+ 48.Kf1 Qc1+ 49.Kg2 Qd2+ 50.Kf1 Bd4
51.Be2 Qe3 52.Ke1 Qc1+ 53.Bd1 Bc3+ 54.Kf2 Qxd1 55.Qc7+ Kh6 56.Qe7 Qd4+ 57.Kg2 Qg4+
58.Kh2 Qf4+ 59.Kg2 Bxb4 60.Qe8 Qg4+ 61.Kf2 Qd4+  0-1

[Event "Agency"]
[Site "London"]
[Date "1998.06.17"]
[Round "3"]
[White "Waitzkin, Joshua"]
[Black "Rowson, Jonathan"]
[Result "0-1"]
[WhiteElo "2465"]
[BlackElo "2485"]

1.e4 c5 2.Nf3 d6 3.d4 Nf6 4.Nc3 cxd4 5.Nxd4 a6 6.g3 e5 7.Nde2 Nbd7 8.a4 b6
9.Bg2 Bb7 10.h3 Rc8 11.O-O h5 12.Nd5 Nxd5 13.exd5 Qc7 14.Nc3 g6 15.Bg5 Bg7
16.Re1 O-O 17.g4 hxg4 18.Qxg4 Rce8 19.Bd2 Nf6 20.Qb4 Rb8 21.Bf3 Bc8 22.Qh4 Bf5
23.Rac1 Rfe8 24.Bg5 Nh7 25.Bh6 Bf6 26.Qg3 Qd8 27.Bg4 Kh8 28.Qf3 Bg5 29.Bxg5 Nxg5
30.Qg3 Bxg4 31.hxg4 e4 32.Kg2 Qf6 33.Re3 Re5 34.Rh1+ Kg8 35.Qh4 Qg7 36.Qh6 Qxh6
37.Rxh6 Rf8 38.Kg3 Kg7 39.Rh1 f5 40.gxf5 gxf5 41.Kf4 Nf3 42.Rh3 Rf6 43.Rh5 Rf8
44.Re2 Rf7 45.Rh3 Rf6 46.Re3 Rg6 47.Rg3 Nh4 48.Re2 Ng2+ 49.Rxg2 Rxg2 50.Ke3 Kf6
51.Kd4 Rg4 52.Ke3 Re7 53.Re1 Rh7  0-1

[Event "MK Cafe Cup-A"]
[Site "Koszalin"]
[Date "1998.08.08"]
[Round "6"]
[White "Hnydiuk, Aleksander"]
[Black "Dworakowska, Joanna"]
[Result "0-1"]
[WhiteElo "2310"]
[BlackElo "2390"]

1.e4 c5 2.Nc3 d6 3.Nf3 Nf6 4.d4 cxd4 5.Nxd4 a6 6.g3 Nc6 7.Bg2 Bd7 8.O-O e6
9.a4 Be7 10.Be3 Qc7 11.Qe2 Rc8 12.Rad1 Nxd4 13.Bxd4 e5 14.Be3 Be6 15.Rfe1 O-O
16.Rc1 Qc6 17.Red1 Bd8 18.h3 Ne8 19.Bd2 Qd7 20.Kh2 Ba5 21.Nd5 Bxd2 22.Qxd2 Bxd5
23.Qxd5 Qxa4 24.Qxb7 Rxc2 25.Kg1 Re2 26.Bf3 Rc2 27.Rxc2 Qxc2 28.Ra1 Nc7 29.Kg2 g6
30.Ra3 Nb5 31.Rxa6 Nd4 32.Ra3 h5 33.h4 Rc8 34.Ra8 Rxa8 35.Qxa8+ Kg7 36.Qa3 d5
37.Qe3 Nxf3 38.Kxf3 d4 39.Qa3 d3 40.Qc3 Qe2+ 41.Kg2 Qxe4+ 42.Kg1 Qe2  0-1

[Event "Wch (Men) U26"]
[Site "Rotterdam"]
[Date "1998.08.16"]
[Round "5"]
[White "Masserey, Yvan"]
[Black "Van Blitterswijk, Stefan"]
[Result "1/2-1/2"]
[WhiteElo "2345"]
[BlackElo "2320"]

1.e4 c5 2.Nf3 d6 3.d4 cxd4 4.Nxd4 Nf6 5.Nc3 a6 6.g3 e5 7.Nde2 b5 8.Bg2 Bb7
9.h3 Be7 10.g4 O-O 11.a3 Nbd7 12.Ng3 Nc5 13.Be3 Re8 14.Qd2 Qc7 15.O-O Rad8
16.Rad1 Nfd7 17.Nf5 Nb6 18.b3 Bf8 19.Rfe1 Bc6 20.Bg5 Rd7 21.Be3 Rdd8 22.Bg5 Rd7
23.Be3  1/2-1/2

[Event "ARG-ch97"]
[Site "Villa Martelli"]
[Date "1998.08.17"]
[Round "11"]
[White "Spangenberg, Hugo"]
[Black "Quiroga, Facundo"]
[Result "1-0"]
[WhiteElo "2520"]
[BlackElo "2370"]

1.e4 c5 2.Nf3 d6 3.d4 cxd4 4.Nxd4 Nf6 5.Nc3 a6 6.g3 e6 7.Bg2 Qc7 8.O-O Be7
9.f4 Bd7 10.Be3 Nc6 11.Nb3 b5 12.g4 h5 13.g5 Ng4 14.Qf3 Nxe3 15.Qxe3 Qa7
16.Qxa7 Rxa7 17.h4 O-O 18.Ne2 Nb4 19.c3 Nd3 20.Rab1 Rc8 21.Rfd1 Nc5 22.Nxc5 Rxc5
23.Rd2 a5 24.Ng3 g6 25.Bf1 b4 26.c4 f6 27.Rbd1 fxg5 28.fxg5 e5 29.Kh2 Be6
30.b3 a4 31.Bh3 Bxh3 32.Kxh3 axb3 33.axb3 Rca5 34.Nf1 Ra1 35.Ne3 Rxd1 36.Rxd1 Ra2
37.Nd5 Kf7 38.Re1 Rb2 39.Re3 Bd8 40.Nxb4 Bb6 41.Rf3+ Kg7 42.Nd5 Bd4 43.b4 Rb1
44.b5 Bc5 45.Nc7 Rb4 46.Ne6+ Kg8 47.Rf8+ Kh7 48.Rf7+ Kg8 49.Rf8+ Kh7 50.Nxc5 dxc5
51.Rc8 Rxc4 52.b6  1-0

[Event "POL-chTJ"]
[Site "Rowy"]
[Date "1998.08.23"]
[Round "4"]
[White "Kolago, Marcin"]
[Black "Jedryczka, Krystian"]
[Result "1-0"]
[WhiteElo "2170"]
[BlackElo "2465"]

1.e4 c5 2.Nf3 d6 3.d4 cxd4 4.Nxd4 Nf6 5.Nc3 a6 6.g3 e5 7.Nde2 b5 8.Bg2 Bb7
9.Bg5 Nbd7 10.Nd5 Bxd5 11.exd5 Be7 12.O-O O-O 13.a4 b4 14.a5 Rc8 15.Bd2 Qc7
16.Bxb4 Qxc2 17.Nc3 Qg6 18.Qe2 Ra8 19.Rfc1 Rfb8 20.Ba3 Ne8 21.Na2 Rb5 22.Nb4 f5
23.Nc6 Bg5 24.Rd1 Qf7 25.Qc2 e4 26.Bf1 Rb7 27.Bc4 Bf6 28.Qe2 Ne5 29.Nxe5 Bxe5
30.Bxa6 Rba7 31.Bb5 Rxa5 32.Bc6 Rb8 33.Bxd6 Rxb2 34.Qxb2 Rxa1 35.Rxa1 Bxb2
36.Ra8  1-0

[Event "Karl Wagner mem 5th"]
[Site "Graz"]
[Date "1998.09.07"]
[Round "3.42"]
[White "Mihevc, Narcisa"]
[Black "Teuschler, Hugo"]
[Result "1-0"]
[WhiteElo "2200"]
[BlackElo "2030"]

1.e4 c5 2.Nf3 d6 3.d4 cxd4 4.Nxd4 Nf6 5.Nc3 a6 6.g3 e5 7.Nde2 Be7 8.a4 Be6
9.Bg2 O-O 10.h3 Nbd7 11.g4 Ne8 12.Ng3 Rb8 13.Nf5 Bxf5 14.exf5 Bh4 15.O-O b5
16.axb5 axb5 17.Be3 b4 18.Nd5 Ndf6 19.Ba7 Nxd5 20.Bxd5 Rb5 21.Bc6 Ra5 22.Qd2 Rxa1
23.Rxa1 Qc7 24.Be4 Nf6 25.Bg2 h6 26.Be3 Kh7 27.Ra7 Qc4 28.Qxd6 Rc8 29.Qxe5 Re8
30.Qc7 Rxe3 31.Qxc4  1-0

[Event "Najdorf op"]
[Site "Buenos Aires"]
[Date "1998.10.27"]
[Round "4"]
[White "Spangenberg, Hugo"]
[Black "Roeder, Mathias"]
[Result "1-0"]
[WhiteElo "2520"]
[BlackElo "2445"]

1.e4 c5 2.Nf3 d6 3.d4 cxd4 4.Nxd4 Nf6 5.Nc3 a6 6.g3 e5 7.Nde2 Nbd7 8.Bg2 b5
9.h3 Bb7 10.g4 Nc5 11.Ng3 g6 12.O-O b4 13.Nd5 Nxd5 14.exd5 Bg7 15.Be3 Nd7
16.Qd2 a5 17.a3 bxa3 18.Rxa3 O-O 19.g5 f5 20.gxf6 Nxf6 21.Rfa1 e4 22.c4 Qc7
23.b3 Nd7 24.Bd4 Bxd4 25.Qxd4 Nc5 26.Nxe4 Nxe4 27.Qxe4 Qf7 28.Qe6 Qxe6 29.dxe6 Bxg2
30.Kxg2 Rae8 31.Rxa5 Rxe6 32.R1a2 Ref6 33.Rb5 Rf3 34.Rb7 h6 35.Rd2 R8f6 36.Re2 Rc3
37.Re8+ Rf8 38.Re6 Rc2 39.Rxg6+ Kh8 40.Rxh6+ Kg8 41.Rg6+ Kh8 42.Kg3 Rcxf2
43.Kh4 R8f5 44.Rg5 R5f4+ 45.Kh5 R2f3 46.h4 Rf6 47.Rbg7  1-0

[Event "Najdorf op"]
[Site "Buenos Aires"]
[Date "1998.10.30"]
[Round "7"]
[White "Rodriguez, Andres URU"]
[Black "Ricardi, Pablo"]
[Result "0-1"]
[WhiteElo "2490"]
[BlackElo "2545"]

1.e4 c5 2.Nf3 d6 3.d4 cxd4 4.Nxd4 Nf6 5.Nc3 a6 6.g3 e5 7.Nde2 Be7 8.Bg2 Be6
9.h3 Nbd7 10.O-O Rc8 11.Be3 O-O 12.f4 b5 13.a3 Nb6 14.Kh2 Nc4 15.Bc1 Qb6
16.Qd3 Rfd8 17.f5 d5 18.exd5 Bd7 19.b3 Nd6 20.g4 Qc7 21.Qg3 a5 22.g5 Nh5
23.Qh4 g6 24.f6 Bf8 25.Ra2 Nf5 26.Rxf5 Bxf5 27.Nxb5 Qb8 28.c4 a4 29.bxa4 Bd3
30.Be3 Rxc4 31.Qf2 Rxa4 32.Nec3 Bxb5 33.Rb2 e4+ 34.Kg1 Qe5 35.Nxb5 Rxd5 36.Bf1 h6
37.gxh6 Bc5 38.Bxc5 Rxc5 39.Rb3 Qg5+ 40.Kh1 Rf5 41.Qe2 Qc1 42.Kg1 Rg5+  0-1

[Event "BEL-chT9899"]
[Site "Antwerp"]
[Date "1998.11.08"]
[Round "2"]
[White "Tjiam, Dharma"]
[Black "Van Mechelen, Jan"]
[Result "1/2-1/2"]
[WhiteElo "2345"]
[BlackElo "2280"]

1.e4 c5 2.Nf3 d6 3.d4 cxd4 4.Nxd4 Nf6 5.Nc3 a6 6.g3 e5 7.Nde2 b5 8.Bg2 Bb7
9.O-O Nbd7 10.a4 b4 11.Nd5 Nxd5 12.exd5 a5 13.Be3 Ba6 14.Re1 Be7 15.Rc1 Rb8
16.b3 Qc7 17.c3 Nc5 18.cxb4 axb4 19.Nf4 O-O 20.Bxc5 dxc5 21.Nd3 Bd6 22.Nb2 f5
23.Nc4 Bxc4 24.Rxc4 e4  1/2-1/2

[Event "ROM-ch (Women)"]
[Site "Sovata"]
[Date "1998.12.06"]
[Round "3"]
[White "Vajda, Szidonia"]
[Black "Caravan, Mariana"]
[Result "1-0"]
[WhiteElo "2270"]
[BlackElo "2125"]

1.e4 c5 2.Nf3 d6 3.d4 cxd4 4.Nxd4 Nf6 5.Nc3 a6 6.g3 g6 7.Bg2 Bg7 8.O-O O-O
9.h3 Bd7 10.a4 Nc6 11.Nde2 Rc8 12.Be3 Na5 13.b3 Qc7 14.Qd2 Rfe8 15.Rfd1 Be6
16.Ra2 Nc6 17.Nd5 Bxd5 18.exd5 Ne5 19.a5 Ned7 20.c4 Nc5 21.Nd4 e5 22.dxe6 fxe6
23.Ne2 Red8 24.Qb4 Nfe4 25.Qe1 Nf6 26.Nf4 Re8 27.Bxc5 dxc5 28.Nxe6 Qf7 29.Re2 Bh6
30.Rd3 Re7 31.Nd8 Rxe2 32.Qxe2 Qe8 33.Qxe8+ Nxe8 34.Bxb7 Rc7 35.Bd5+ Kh8
36.Ne6 Re7 37.Nxc5  1-0

[Event "BRA-ch"]
[Site "Itabirito"]
[Date "1998.12.11"]
[Round "2.1"]
[White "Borges, Wagner"]
[Black "Leitao, Rafael"]
[Result "1/2-1/2"]
[WhiteElo "2280"]
[BlackElo "2550"]

1.e4 c5 2.Nf3 d6 3.d4 cxd4 4.Nxd4 Nf6 5.Nc3 a6 6.g3 e5 7.Nde2 b5 8.Bg2 Be7
9.O-O Bb7 10.a3 Nbd7 11.Be3 O-O 12.h3 Nc5 13.f3 d5 14.exd5 Nxd5 15.Nxd5 Bxd5
16.Nc3 Bb7 17.Qxd8 Raxd8 18.Rfd1 Ne6 19.Bb6 Bc5+ 20.Bxc5 Nxc5 21.Rxd8 Rxd8
22.Rd1 Rxd1+ 23.Nxd1 Ne6 24.Kf2 Kf8 25.Ne3 Ke7 26.c4 bxc4 27.Nxc4 f6 28.Na5 Bc8
29.Bf1 h6 30.h4 Nd4 31.Bc4 g5 32.hxg5 hxg5 33.Nb3 Nc6 34.Nc5 a5 35.g4 f5  1/2-1/2

[Event "Skopje op"]
[Site "Skopje"]
[Date "1998.12.16"]
[Round "5"]
[White "Stanojoski, Zvonko"]
[Black "Spasov, Vasil"]
[Result "1/2-1/2"]
[WhiteElo "2475"]
[BlackElo "2595"]

1.e4 c5 2.Nf3 d6 3.d4 cxd4 4.Nxd4 Nf6 5.Nc3 a6 6.g3 e5 7.Nde2 b5 8.Bg2 Bb7
9.h3 Nbd7 10.g4 b4 11.Nd5 Nxd5 12.exd5 Be7 13.O-O O-O 14.a3 a5 15.Ng3 Bg5
16.Bxg5 Qxg5  1/2-1/2

[Event "Oxford IM"]
[Site "Oxford"]
[Date "1998.12.22"]
[Round "8"]
[White "Wikstrom, Per"]
[Black "Brooke, John"]
[Result "1-0"]
[WhiteElo "2195"]
[BlackElo "2010"]

1.e4 c5 2.Nf3 d6 3.d4 cxd4 4.Nxd4 Nf6 5.Nc3 a6 6.g3 g6 7.Bg2 Bg7 8.O-O O-O
9.h3 Qc7 10.Bg5 Nbd7 11.Qd2 Re8 12.Rad1 Rb8 13.Nde2 b5 14.a3 Bb7 15.Rfe1 Nb6
16.g4 Nc4 17.Qc1 Qc5 18.b3 Nxa3 19.Be3 Qb4 20.Na2 Qa5 21.Bd2 Qc7 22.Qxa3 Nxe4
23.c3 f5 24.Be3 e5 25.f3 f4 26.fxe4 fxe3 27.Qxd6 Qf7 28.Nac1 Qf2+ 29.Kh1 Qh4
30.Qc5 Bh6 31.Rf1 Bc8 32.Kg1 Bb7 33.Qc7 Bf4 34.Nxf4 exf4 35.Rxf4 Rbd8 36.Rdf1 Qe7
37.Qxe7 Rxe7 38.Re1 e2 39.Rxe2 Rd1+ 40.Rf1 Red7 41.Ree1 R1d2 42.Rf2 Rd1 43.Re2 R7d2
44.Kf2  1-0

[Event "Danube op"]
[Site "Aschach"]
[Date "1998.12.29"]
[Round "5"]
[White "Brandstaetter, Friedrich"]
[Black "Wohlfahrt, Herbert J"]
[Result "1/2-1/2"]
[WhiteElo "2135"]
[BlackElo "2265"]

1.e4 c5 2.Nf3 d6 3.d4 cxd4 4.Nxd4 Nf6 5.Nc3 a6 6.g3 e6 7.Bg2 Be7 8.O-O O-O
9.Be3 Qc7 10.Qe2 Bd7 11.a4 Nc6 12.Rad1 Rfe8 13.Nb3 Na5 14.Nxa5 Qxa5 15.f4 Bc6
16.g4 Nd7 17.g5 Bf8 18.Qf2 b5 19.axb5 axb5 20.Bd4 b4 21.Ne2 Qc7 22.Ng3 Bb5
23.Rfe1 e5 24.Be3 exf4 25.Bxf4 Ne5 26.Nf5 Rac8 27.Nd4 Bd7 28.Kh1 Bg4 29.Rc1 Ng6
30.Be3 Ne5 31.Bf4 Qc5 32.Rf1 Bh5 33.Nf5 Qxf2 34.Rxf2 b3 35.Rd2 Nc4 36.Rd4 g6
37.cxb3 Nxb2 38.Ng3 Bg4 39.h3 Be6 40.Rxc8 Rxc8 41.Bxd6 Bxd6 42.Rxd6 Bxb3
43.Ne2 Nc4 44.Rd3 Bc2 45.Rc3 Nd6 46.Rxc8+ Nxc8 47.Kh2 Kg7 48.Kg3 f6  1/2-1/2

[Event "Rilton Cup 9899"]
[Site "Stockholm"]
[Date "1998.12.31"]
[Round "4"]
[White "Olsson, Anders"]
[Black "Hillarp Persson, Tiger"]
[Result "0-1"]
[WhiteElo "2210"]
[BlackElo "2410"]

1.e4 c5 2.Nf3 d6 3.d4 cxd4 4.Nxd4 Nf6 5.Nc3 a6 6.g3 e5 7.Nde2 b5 8.Bg2 Bb7
9.O-O Nbd7 10.Nd5 Nxd5 11.exd5 Be7 12.a4 O-O 13.Be3 Nb6 14.axb5 Nc4 15.bxa6 Nxe3
16.axb7 Rxa1 17.Qxa1 Nxf1 18.Bh3 Nd2 19.Bc8 Qb6 20.Qa3 Ne4 21.Qe3 Nc5 22.b3 Qc7
23.Qc3 Qb8 24.Qb4 Rxc8  0-1

[Event "AUT-chT 9899"]
[Site "AUT"]
[Date "1998.??.??"]
[Round "?"]
[White "Watzka, Horst"]
[Black "Schumi, Manfred"]
[Result "1-0"]
[WhiteElo "2370"]
[BlackElo "2260"]

1.e4 c5 2.Nf3 d6 3.Nc3 Nf6 4.d4 cxd4 5.Nxd4 a6 6.g3 e5 7.Nde2 Be6 8.Bg2 Be7
9.O-O Nbd7 10.h3 b5 11.g4 Nb6 12.Nd5 Bxd5 13.exd5 O-O 14.Ng3 g6 15.b3 Rc8
16.Be3 Nfd7 17.Rc1 Nc5 18.Qd2 Nbd7 19.Kh1 Re8 20.c4 bxc4 21.Rxc4 a5 22.Rfc1 Rb8
23.Ne4 Nxe4 24.Bxe4 Nc5 25.Bg2 Rb5 26.Rf1 f5 27.gxf5 gxf5 28.Rg1 Kh8 29.Qe2 Qd7
30.Bxc5  1-0

[Event "Landesliga Sued9798"]
[Site "Bayern"]
[Date "1998.??.??"]
[Round "?"]
[White "Vuckovic, Aleksandar"]
[Black "Hartmann, Wolfram"]
[Result "1-0"]
[WhiteElo "2325"]
[BlackElo "2190"]

1.e4 c5 2.Nf3 d6 3.d4 cxd4 4.Nxd4 Nf6 5.Nc3 a6 6.g3 e5 7.Nde2 Nbd7 8.Bg2 Qc7
9.O-O b5 10.h3 Bb7 11.a3 Nc5 12.Nd5 Bxd5 13.exd5 Rc8 14.g4 Be7 15.Ng3 O-O
16.b3 Rfe8 17.Be3 Bf8 18.Rc1 a5 19.c4 b4 20.axb4 axb4 21.Ra1 Nfd7 22.Qc2 Ra8
23.Ra2 Ra5 24.Rfa1 Rea8 25.Be4 g6 26.Qb1 R8a6 27.Bc2 Qa7 28.Rxa5 Rxa5 29.Rxa5 Qxa5
30.Kg2 Be7 31.g5 Kg7 32.h4 f5 33.Bxf5 Bd8 34.Bc2 Bb6 35.h5 Nf8 36.hxg6 hxg6
37.Qh1 Qa7 38.Qh6+ Kg8 39.Bxc5 Bxc5 40.Bxg6 Qg7 41.Qxg7+ Kxg7 42.Be8 Nh7
43.Ne4 Bb6 44.Kf3 Bd8 45.Kg4 Bxg5 46.Nxg5 Nf6+ 47.Kf5 Nxe8 48.Ke6 Nf6 49.Kxd6 Kg6
50.Kxe5 Kxg5 51.c5 Ng4+ 52.Ke6 Nxf2 53.c6 Nd3 54.c7 Nf4+ 55.Kd6  1-0

[Event "Bled op"]
[Site "Bled"]
[Date "1998.??.??"]
[Round "4"]
[White "Hresc, Vladimir"]
[Black "Bukic, Enver"]
[Result "1/2-1/2"]
[WhiteElo "2425"]
[BlackElo "2385"]

1.e4 c5 2.Nf3 d6 3.d4 cxd4 4.Nxd4 Nf6 5.Nc3 a6 6.g3 g6 7.Bg2 Bg7 8.O-O O-O
9.h3 Nc6 10.Be3 Bd7 11.Nb3 Ne5 12.Qe2 Rc8 13.Rad1 Rxc3 14.bxc3 Bb5 15.Rd3 Qc7
16.Rc1 Qc4 17.Nd4 Nxd3 18.cxd3 Qxd3 19.Qb2 Nd7 20.a4 Bxa4 21.Qxb7 Qc4 22.Bf1 Qc8
23.Qxc8 Rxc8 24.Bxa6 Ra8 25.Bb7 Rb8 26.Bc6 Bxc6 27.Nxc6 Re8 28.Rb1 Ne5 29.Nxe5 Bxe5
30.Bd4 Bxd4  1/2-1/2

[Event "Bled op-B"]
[Site "Bled"]
[Date "1998.??.??"]
[Round "7"]
[White "Mihevc, Narcisa"]
[Black "Cerar, Alojz"]
[Result "1/2-1/2"]
[WhiteElo "1970"]
[BlackElo "2205"]

1.e4 c5 2.Nf3 d6 3.d4 cxd4 4.Nxd4 a6 5.Nc3 Nf6 6.g3 e5 7.Nde2 Be7 8.Bg2 O-O
9.O-O b5 10.a3 h6 11.h3 Nc6 12.g4 Be6 13.Kh1 Rc8 14.Ng3 Na5 15.Nf5 Nc4 16.Rg1 Nh7
17.Nxe7+ Qxe7 18.Nd5 Bxd5 19.Qxd5 Rc5 20.Qd3 Rfc8 21.Qg3 f6 22.h4 Nb6 23.Be3 R5c6
24.c3 Nc4 25.Bc1 Na5 26.Rb1 g5 27.Qf3 Nf8 28.Qf5 Qe6 29.Bf3 Nb3 30.Be3 Na5
31.Rbd1 Nc4 32.Bc1 Rd8 33.h5 Nb6 34.Rd3 Nc8 35.Bd1 Kg7 36.Bc2 Ne7 37.Qxe6 Nxe6
38.Be3 Nf4 39.Bxf4 gxf4 40.Bb3 Kf8 41.Rgd1 Nc8 42.Bd5 Rb6 43.Kg2 Ke7 44.Kf3 Rb8
45.b3 Nb6 46.Ra1 Rdc8 47.Rad1 Rc7 48.c4 bxc4 49.Bxc4 Nxc4 50.bxc4 Rb6 51.Rc1 a5
52.Rc2 a4  1/2-1/2

[Event "Ceske Budejovice op"]
[Site "Ceske Budejovice"]
[Date "1998.??.??"]
[Round "?"]
[White "Starostits, Ilmas"]
[Black "Solodovnichenko, Yuri"]
[Result "1/2-1/2"]
[WhiteElo "2330"]
[BlackElo "2415"]

1.e4 c5 2.Nf3 d6 3.d4 cxd4 4.Nxd4 Nf6 5.Nc3 a6 6.g3 e5 7.Nde2 Be7 8.Bg2 Nbd7
9.a4 b6 10.h3 Bb7 11.g4 O-O 12.Ng3 Nc5 13.g5 Ne8 14.h4 g6 15.Nd5 Bxd5 16.exd5 Ng7
17.Qg4 Nd7 18.h5 f5 19.Qh4 e4 20.hxg6 hxg6 21.Nxe4 fxe4 22.Qh7+ Kf7 23.Bxe4 Ne5
24.f4 Rh8 25.Qxh8 Qxh8 26.Rxh8 Rxh8 27.fxe5 dxe5 28.Be3 Rh4 29.Bd3 Rh1+ 30.Bf1 Nf5
31.Bxb6 Bxg5 32.Ra3 e4 33.Rh3 Rxh3 34.Bxh3 Ne3 35.Bxe3 Bxe3 36.d6 a5 37.d7 Ke7
38.Ke2 Bd4 39.c3 Bc5 40.Bg4 Kd8 41.Kd2 Kc7 42.Kc2 Be7 43.Kb3 e3 44.Kc4 e2
45.Bxe2 Kxd7 46.Kb5 Bd8 47.Bg4+ Kd6 48.b4 Bf6 49.Kb6 Bxc3 50.bxa5 Bd4+ 51.Kb7 Kc5
52.a6 Kb4  1/2-1/2

[Event "POL-ch sf"]
[Site "Czestochowa"]
[Date "1998.??.??"]
[Round "10"]
[White "Hnydiuk, Aleksander"]
[Black "Palus, Ryszard"]
[Result "0-1"]
[WhiteElo "2310"]
[BlackElo "2375"]

1.e4 c5 2.Nf3 d6 3.d4 cxd4 4.Nxd4 Nf6 5.Nc3 a6 6.g3 e6 7.Bg2 Ra7 8.O-O b5
9.a4 b4 10.Na2 e5 11.Nb3 Nc6 12.Bd2 Rb7 13.Bg5 Be6 14.Qd3 a5 15.Bxf6 gxf6
16.Nac1 Qb6 17.Ne2 Be7 18.Nd2 Qc5 19.Rfc1 O-O 20.Nf1 Bd8 21.Ne3 Ne7 22.Rd1 Bb6
23.Qxd6 Qxd6 24.Rxd6 Bxe3 25.fxe3 Rc8 26.Rc1 Rbc7 27.Rd2 Bd7 28.Ra1 Kf8 29.Kf2 Ke8
30.c3 Rb8 31.Ke1 Bg4 32.cxb4 Bxe2 33.Kxe2 Rxb4 34.Kf3 Rcc4 35.Bf1 Rxe4 36.Bb5+ Kf8
37.h3 f5 38.Rd8+ Kg7 39.Rd7 f4 40.gxf4 exf4 41.Re1 Ng6 42.Rd2 Nh4+ 43.Kf2 Rb3
44.Rd3 Rxb2+ 45.Re2 fxe3+ 46.Rxe3 Rf4+ 47.Kg3 Rbb4 48.Kh2 Nf5 49.Ra3 Kf6
50.Rea2 Nd4 51.Kg2 Ne6 52.Rf2 Rxf2+ 53.Kxf2 Nc5 54.Kg2 Ke5 55.Re3+ Ne4 56.Re1 Rb2+
57.Kg1 f5 58.Bc6 Rc2 59.Bd7 Rd2 60.Bc6 Rc2 61.Bd7 Rc3 62.Rb1 f4 63.Rb5+ Kd4
64.Rxa5 Rc1+ 65.Kg2 Ke3 66.Bg4 Rc2+ 67.Kg1 f3 68.Bxf3 Kxf3 69.Ra7 h5 70.a5 Rg2+
71.Kf1 Ra2 72.Rf7+ Kg3 73.Ra7 Kxh3 74.a6 Ng3+ 75.Ke1 h4  0-1

[Event "Dresden zt"]
[Site "Dresden"]
[Date "1998.??.??"]
[Round "5"]
[White "Wahls, Matthias"]
[Black "Lutz, Christopher"]
[Result "1/2-1/2"]
[WhiteElo "2605"]
[BlackElo "2595"]

1.e4 c5 2.Nf3 d6 3.d4 cxd4 4.Nxd4 Nf6 5.Nc3 a6 6.g3 e6 7.Bg2 Bd7 8.g4 h6
9.h4 Nc6 10.g5 hxg5 11.hxg5 Rxh1+ 12.Bxh1 Nxd4 13.Qxd4 Ng4 14.f3 Ne5 15.f4 Nc6
16.Qf2 Na5 17.b3 Qc7 18.Bb2 Qc5 19.Qg3 O-O-O 20.O-O-O Kb8 21.Kb1 g6 22.a3 Qc7
23.Bg2 Rc8 24.Qf2 Be7 25.Bh3 Rg8 26.Bg4 Nc6 27.Rh1 Rd8 28.Qe3 Be8 29.Rd1 Bd7
30.Bf3 Be8 31.Bg2 Rc8 32.Rd2 Rd8 33.Qf2 Na7 34.Nd1 Nc6 35.Ne3 Na5 36.Ng4 Nc6
37.Nf6 Bd7 38.Rd3 Bc8 39.Rh3 Rf8 40.Rh7 Qa5 41.Rh1 Rd8 42.Rd1 Qc7 43.Ng4 Bd7
44.Nh6 Be8 45.Ng8 Bf8 46.f5 gxf5 47.exf5 exf5 48.Nf6 Bd7 49.Nd5 Qc8 50.Nb6 Qc7
51.Nd5 Qc8 52.Nb6 Qc7 53.Nxd7+ Qxd7 54.Bh3 d5 55.Bxf5 Qc7 56.Bg4 d4 57.Bh5 Qa5
58.Qf4+ Bd6 59.Qd2 Qxd2 60.Rxd2 Bf4 61.Rd1 Bxg5 62.Bxf7 Kc7 63.Bg6 Be3 64.Be4 Rd7
65.Rd3 Rd6 66.Ba1 Rd7 67.Bb2 Rd6 68.Ka2 a5 69.Kb1 Rd7 70.Rd1 Rd6 71.Rf1 Re6
72.Bd3 Kb6 73.Rf5 Re5 74.Rf6 Kc7 75.Rf8 Kb6 76.Rg8 Kc7 77.Bf1  1/2-1/2

[Event "Dresden zt (Women)"]
[Site "Dresden"]
[Date "1998.??.??"]
[Round "6"]
[White "Mihevc, Narcisa"]
[Black "Paehtz, Elisabeth"]
[Result "1/2-1/2"]
[WhiteElo "2205"]
[BlackElo "2160"]

1.e4 c5 2.Nf3 d6 3.d4 cxd4 4.Nxd4 Nf6 5.Nc3 a6 6.g3 e5 7.Nde2 b5 8.Bg5 Nbd7
9.Bg2 Bb7 10.Nd5 Bxd5 11.exd5 Be7 12.O-O O-O 13.a4 Nb6 14.axb5 axb5 15.Rxa8 Qxa8
16.Nc3 b4 17.Ne4 Nbd7 18.Bh3 Qd8 19.Re1 h6 20.Bxf6 Nxf6 21.Qd2  1/2-1/2

[Event "Centrocoop June op-B"]
[Site "Eforie Nord"]
[Date "1998.??.??"]
[Round "?"]
[White "Priomov, Serghey"]
[Black "Caravan, Mariana"]
[Result "1/2-1/2"]
[WhiteElo "1750"]
[BlackElo "2125"]

1.e4 c5 2.Nf3 d6 3.d4 cxd4 4.Nxd4 Nf6 5.Nc3 a6 6.g3 g6 7.Bg2 Bg7 8.O-O O-O
9.h3 Nc6 10.Be3 Bd7 11.Qd2 Ne5 12.b3 Rc8 13.Nd5 e6 14.Nxf6+ Bxf6 15.c4 Nc6
16.Rad1 Be7 17.Bh6 Re8 18.h4 Nxd4 19.Qxd4 e5 20.Qd2 b5 21.cxb5 Bxb5 22.Rfe1 Qd7
23.Kh2 Qb7 24.h5 Bd7 25.Bf3 Rc7 26.Rc1 Rec8 27.Rxc7 Rxc7 28.Kg2 Qc8 29.Rc1 Rxc1
30.Qxc1 Qxc1 31.Bxc1 Bc6 32.hxg6 hxg6 33.g4 f6 34.Kg3 Kf7 35.Bg2 Ke6 36.f3 d5
37.exd5+ Bxd5 38.Bf1 a5 39.Ba6 Bb4 40.Kf2 Kd6 41.Bd3 g5 42.Be4 Be6 43.Ke2 Bd7
44.a3 Bc5 45.Kd3 Be6 46.Kc2 Kc7 47.Bd2 Kb6 48.b4 axb4 49.axb4 Bd6 50.Kb2 Bc4
51.Kc3 Be2 52.Be3+ Kb5 53.Bd3+ Bxd3 54.Kxd3 Bxb4 55.Ke4 Kc4 56.Bb6 Be7 57.Ba5 Kb5
58.Bc7 Kc6 59.Ba5 Kb5 60.Be1 Kc4 61.Bd2 Bd8 62.Be3 Be7 63.Bb6 Kb5 64.Ba7 Kc4
65.Bb6 Kb5  1/2-1/2